Toán cao cấp : Dùng cho các ngành kỹ thuật

Zapisane w:
Opis bibliograficzny
1. autor: Đậu, Thế Cấp
Format: Książka
Język:Undetermined
Wydane: Tp. HCM ĐHQG 2000
Hasła przedmiotowe:
Etykiety: Dodaj etykietę
Nie ma etykietki, Dołącz pierwszą etykiete!
Thư viện lưu trữ: Trung tâm Học liệu Trường Đại học Cần Thơ
LEADER 00510nam a2200181Ia 4500
001 CTU_48558
008 210402s9999 xx 000 0 und d
082 |a 515 
082 |b C123/T.1 
100 |a Đậu, Thế Cấp 
245 0 |a Toán cao cấp : 
245 0 |b Dùng cho các ngành kỹ thuật 
245 0 |c Đậu Thế Cấp 
260 |a Tp. HCM 
260 |b ĐHQG 
260 |c 2000 
650 |a mathematical analysis 
980 |a Trung tâm Học liệu Trường Đại học Cần Thơ